მანდარინის სადედე ბაღის განოყიერება / (ბიბ.ჩანაწერი № 37461)
[ მარტივი ფორმატი ]
| 000 -ლიდერი | |
|---|---|
| ფიქსირებული სიგრძის საკონტროლო ველი | 00868nam a2200217Ia 4500 |
| 001 - საკონტროლო ნომერი | |
| საკონტროლო ველი | 3422 |
| 003 - საკონტროლო ნომრის იდენტიფიკატორი | |
| საკონტროლო ველი | GE_BSU |
| 005 - ბოლო ოპერაციის თარიღი და დრო | |
| საკონტროლო ველი | 20190613162738.0 |
| 008 - ფიქსირებული სიგრძის მონაცემთა ელემენტები - ზოგადი ინფორმაცია | |
| ფიქსირებული სიგრძის საკონტროლო ველი | 181216s1995||||ge |||||||||||||| ||geo|| |
| 040 ## - კატალოგიზაციის წყარო | |
| Transcribing agency | GE_BSU |
| 041 ## - ენის კოდი | |
| Language code of text/sound track or separate title | geo |
| 080 ## - უნივერსალური ათობითი კლასიფიკაციის ინდექსი | |
| Universal Decimal Classification number | 634.32(075.8) ჯ–12 |
| 100 ## - მთავარი ჩანაწერი - პიროვნების სახელი | |
| Personal name | ჯაბნიძე, რეზო |
| 9 (RLIN) | 2484 |
| 245 ## - ცნობა სათაურის შესახებ | |
| Title | მანდარინის სადედე ბაღის განოყიერება / |
| Statement of responsibility, etc | რედ.: შოთა გოლიაძე |
| 264 ## - წარმოების, გამოცემის, დისტრიბუციის და სხვა ცნობები | |
| გამოცემის, წარმოების, დისტრიბუციის... ადგილი | ბათუმი : |
| გამოცემის, წარმოების, დისტრიბუციის... სახელწოდება | აჭარა, |
| გამოცემის, წარმოების, დისტრიბუციის... თარიღი | 1995. |
| 300 ## - ფიზიკური აღწერა | |
| Extent | 105 გვ.: |
| Other physical details | ცხრ. ; |
| Dimensions | 21 სმ. |
| 504 ## - BIBLIOGRAPHY, ETC. NOTE | |
| Bibliography, etc | ბიბლიოგრ.: გვ. 97-106. |
| 653 ## - INDEX TERM--UNCONTROLLED | |
| Uncontrolled term | მანდარინის ბაღის განოყიერება |
| 700 ## - ADDED ENTRY--PERSONAL NAME | |
| Personal name | გოლიაძე, შოთა |
| Relator term | რედაქტორი |
| 9 (RLIN) | 2486 |
| 942 ## - ADDED ENTRY ELEMENTS (KOHA) | |
| Koha item type | წიგნი |
| Source of classification or shelving scheme | |
| ჩამოწერის სტატუსი | დაკარგული ეგზემპლარის სტატუსი | კლასიფიკაციის წყარო ან თაროზე გაწყობის სქემა | დაზიანების სტატუსი | არ გაიცემა | მუდმივი მდებარეობა (დაცვის ადგილი) | ამჟამინდელი ადგილსამყოფელი | თაროზე განთავსების ადგილი | შეძენის თარიღი | სრული შენახვის შიფრი | შტრიხკოდი | ბოლო ოპერაციის თარიღი | ეგზემპლარის მიმდევრობითი ნომერი (კეტერი?) | ფასის ძალაში შესვლის თარიღი | ეგზემპლარის სახეობა | საჯარო შენიშვნა |
|---|---|---|---|---|---|---|---|---|---|---|---|---|---|---|---|
| ბათუმის შოთა რუსთაველის სახელმწიფო უნივერსიტეტის მთავარი ბიბლიოთეკა | ბათუმის შოთა რუსთაველის სახელმწიფო უნივერსიტეტის მთავარი ბიბლიოთეკა | წიგნსაცავი | 2018-12-17 | 634.32(075.8) ჯ–12 | 4903 | 2018-12-17 | 4903 | 2018-12-17 | წიგნი | ||||||
| ბათუმის შოთა რუსთაველის სახელმწიფო უნივერსიტეტის მთავარი ბიბლიოთეკა | ბათუმის შოთა რუსთაველის სახელმწიფო უნივერსიტეტის მთავარი ბიბლიოთეკა | წიგნსაცავი | 2018-12-17 | 634.32(075.8) ჯ–12 | 4904 | 2018-12-17 | 4904 | 2018-12-17 | წიგნი | ||||||
| ბათუმის შოთა რუსთაველის სახელმწიფო უნივერსიტეტის მთავარი ბიბლიოთეკა | ბათუმის შოთა რუსთაველის სახელმწიფო უნივერსიტეტის მთავარი ბიბლიოთეკა | წიგნსაცავი | 2018-12-17 | 634.32(075.8) ჯ–12 | 4905 | 2018-12-17 | 4905 | 2018-12-17 | წიგნი | ||||||
| ბათუმის შოთა რუსთაველის სახელმწიფო უნივერსიტეტის მთავარი ბიბლიოთეკა | ბათუმის შოთა რუსთაველის სახელმწიფო უნივერსიტეტის მთავარი ბიბლიოთეკა | წიგნსაცავი | 2018-12-17 | 634.32(075.8) ჯ–12 | 4906 | 2018-12-17 | 4906 | 2018-12-17 | წიგნი | ||||||
| ბათუმის შოთა რუსთაველის სახელმწიფო უნივერსიტეტის მთავარი ბიბლიოთეკა | ბათუმის შოთა რუსთაველის სახელმწიფო უნივერსიტეტის მთავარი ბიბლიოთეკა | წიგნსაცავი | 2018-12-17 | 634.32(075.8) ჯ–12 | 4907 | 2018-12-17 | 4907 | 2018-12-17 | წიგნი |
